LEADER 02998oam 2200649I 450 001 9910454568603321 005 20200520144314.0 010 $a1-134-76213-5 010 $a1-280-31985-2 010 $a0-203-43976-7 024 7 $a10.4324/9780203439760 035 $a(CKB)111056485528234 035 $a(EBL)169795 035 $a(OCoLC)437078531 035 $a(SSID)ssj0000097305 035 $a(PQKBManifestationID)11121527 035 $a(PQKBTitleCode)TC0000097305 035 $a(PQKBWorkID)10114952 035 $a(PQKB)10317302 035 $a(MiAaPQ)EBC169795 035 $a(PPN)198459181 035 $a(Au-PeEL)EBL169795 035 $a(CaPaEBR)ebr10058079 035 $a(CaONFJC)MIL31985 035 $a(OCoLC)50766695 035 $a(EXLCZ)99111056485528234 100 $a20180331d1996 uy 0 101 0 $aeng 135 $aurcn||||||||| 181 $ctxt 182 $cc 183 $acr 200 00$aAdjusting to Europe $ethe impact of the European Union on national institutions and policies /$fedited by Yves Meny, Pierre Muller, and Jean-Louis Quermonne 210 1$aLondon ;$aNew York :$cRoutledge,$d1996. 215 $a1 online resource (194 p.) 225 1 $aEuropean public policy series 300 $aDescription based upon print version of record. 311 $a0-415-14409-4 311 $a0-415-14410-8 320 $aIncludes bibliographical references (p. 174) and index. 327 $aBook Cover; Title; Contents; List of figures and tables; List of contributors; Series editor's preface; Acknowledgements; Introduction; Some alternative futures for the European polity and their implications for European public policy; EU policy-making: a garbage can or an anticipatory and consensual policy style?; Relations between the European Union and the British administration; German administrative interaction and European union: the fusion of public policies; French central government and the European political system: change and adaptation since the Single Act 327 $aWhich social policy for Europe? Europe between market and power: industrial policies; specialization, technology, competition and foreign trade; The impact of Europe on national policies: Italian anti-trust policy 330 $aExamines policy-making at EU-level; explores how three major nation-states have adapted their policy processes and institutions to the European challenge; and focuses on the impact of the EU on industrial, competition and social policies. 410 0$aEuropean public policy series. 606 $aPolitical planning$zEuropean Union countries 608 $aElectronic books. 615 0$aPolitical planning 676 $a327.4 701 $aMeny$b Yves$0382157 701 $aMuller$b Pierre$f1950-$0663455 701 $aQuermonne$b Jean-Louis$0271631 801 0$bFlBoTFG 801 1$bFlBoTFG 906 $aBOOK 912 $a9910454568603321 996 $aAdjusting to Europe$92159943 997 $aUNINA LEADER 04006nam 2200973z- 450 001 9910557338003321 005 20220111 035 $a(CKB)5400000000042498 035 $a(oapen)https://directory.doabooks.org/handle/20.500.12854/76723 035 $a(oapen)doab76723 035 $a(EXLCZ)995400000000042498 100 $a20202201d2021 |y 0 101 0 $aeng 135 $aurmn|---annan 181 $ctxt$2rdacontent 182 $cc$2rdamedia 183 $acr$2rdacarrier 200 00$aEnhancement of Industrial Energy Efficiency and Sustainability 210 $aBasel, Switzerland$cMDPI - Multidisciplinary Digital Publishing Institute$d2021 215 $a1 online resource (294 p.) 311 08$a3-0365-1565-8 311 08$a3-0365-1566-6 330 $aIndustrial energy efficiency has been recognized as a major contributor, in the broader set of industrial resources, to improved sustainability and circular economy. Nevertheless, the uptake of energy efficiency measures and practices is still quite low, due to the existence of several barriers. Research has broadly discussed them, together with their drivers. More recently, many researchers have highlighted the existence of several benefits, beyond mere energy savings, stemming from the adoption of such measures, for several stakeholders involved in the value chain of energy efficiency solutions. Nevertheless, a deep understanding of the relationships between the use of the energy resource and other resources in industry, together with the most important factors for the uptake of such measures-also in light of the implications on the industrial operations-is still lacking. However, such understanding could further stimulate the adoption of solutions for improved industrial energy efficiency and sustainability. 606 $aResearch & information: general$2bicssc 606 $aTechnology: general issues$2bicssc 610 $aadvanced exergoeconomic analysis 610 $aassessment factors 610 $aassessment model 610 $abiomass 610 $abuilding 610 $aburied tubes 610 $acarbon abatement 610 $acarbon abatement measures 610 $aclimate transition 610 $aCO2 emissions 610 $acogeneration 610 $acompressed air systems 610 $aconstruction 610 $acontaminated soil 610 $adecarbonization 610 $adusty flue gas 610 $aemissions reduction 610 $aenergy analysis and exergy analysis 610 $aenergy efficiency 610 $aenergy efficiency culture 610 $aenergy efficiency measures 610 $aenergy efficiency practices 610 $aenergy management 610 $aenergy management practices 610 $aenergy saving 610 $aexergy destruction cost rate 610 $agranular bed 610 $aheat integration 610 $aheat transfer 610 $aheavy industry 610 $aindustrial energy efficiency 610 $ainterviews 610 $airon and steel industry 610 $amulti-agent cooperation 610 $anonenergy benefits 610 $aoil refinery 610 $aoperability 610 $aoptimal carbon-energy combined-flow 610 $apolluted soil 610 $areduced-dimension Q(?) 610 $aretrofit 610 $aroadmap 610 $aspray dryer 610 $asupply chain 610 $asustainability 610 $atechno-economic pathways 610 $athermal desorption 610 $athermal remediation 610 $atrigeneration 610 $atropical climate country 610 $awaste heat recovery 615 7$aResearch & information: general 615 7$aTechnology: general issues 700 $aTrianni$b Andrea$4edt$01322901 702 $aTrianni$b Andrea$4oth 906 $aBOOK 912 $a9910557338003321 996 $aEnhancement of Industrial Energy Efficiency and Sustainability$93035239 997 $aUNINA